000 00680cam a22002413a 4500
001 23306
003 PGUSA
005 20140828083509.0
008 071103s2007||||xxu|||||s|||||000 | eng d
040 _aPGUSA
_beng
042 _adc
050 4 _aB
100 1 _aDescartes, René,
_d1596-1650
245 1 0 _aMeditationes de prima philosophia
_h[electronic resource] /
_cRené Descartes
260 _bProject Gutenberg,
_c2007
506 _aPublic domain in the USA.
516 _aElectronic text
653 _aFirst philosophy
653 _aGod -- Proof, Ontological
830 0 _aProject Gutenberg
_v23306
856 4 0 _uhttp://www.gutenberg.org/ebooks/23306
942 _cEB
999 _c252561
_d252561